The traditional music of japan
Guardat en:
| Autor principal: | |
|---|---|
| Format: | Llibre |
| Idioma: | anglès |
| Publicat: |
Tokio
Ongaku No Tomo Sha
1984
|
| Matèries: | |
| Etiquetes: |
Afegir etiqueta
Sense etiquetes, Sigues el primer a etiquetar aquest registre!
|
MARC
| LEADER | 00000nam a2200000 a 4500 | ||
|---|---|---|---|
| 001 | UCI1296 | ||
| 003 | CL-VaPUC | ||
| 008 | 070629e19840000JA |||||||||||||||||eng|d | ||
| 020 | |a 4276133017 | ||
| 082 | 0 | 4 | |a 780.952 |b SHI |2 21 |
| 100 | 0 | |a Shigeo, Kishibe |e author |9 521721 | |
| 245 | 1 | 4 | |a The traditional music of japan |
| 300 | |a 92 h | ||
| 942 | |c BK | ||
| 945 | |d 20070629 00:00:00 |a rbrito | ||
| 260 | |a Tokio |b Ongaku No Tomo Sha |c 1984 | ||
| 650 | 7 | |a MUSICA JAPONESA |2 CL-VaPUC |9 521722 | |
| 583 | |a last modification |c 20070629 00:00:00 |k Rodrigo Vera | ||
| 999 | |c 326130 |d 326128 | ||
| 952 | |0 0 |1 0 |4 0 |6 780_952000000000000_SHI_1984 |7 0 |8 A |9 407866 |a BIBGIM |b BIBGIM |d 2019-11-22 |i 4211898 |o 780.952 SHI 1984 |p 4211898 |r 2025-01-15 |w 2019-11-22 |y BK |k ORI | ||